Statistics for All FIFA Member Nations by Badge

Click here to take the quiz!

General Stats

  • This quiz has been taken 1,100 times
  • The average score is 92 of 211

Answer Stats

Answer% Correct
Turkey
100%
Lebanon
94%
Colombia
91%
Tunisia
89%
Qatar
85%
Cyprus
78%
Germany
77%
Albania
76%
Scotland
76%
Slovakia
76%
Norway
75%
Wales
75%
Canada
73%
Croatia
73%
Hong Kong
73%
England
72%
Italy
72%
Jamaica
72%
Northern Ireland
72%
Sweden
72%
Bosnia & Herzegovina
71%
Finland
71%
Peru
71%
Armenia
70%
Netherlands
70%
Portugal
70%
Argentina
69%
Belgium
69%
Iran
69%
Australia
67%
Panama
67%
United States
67%
Ireland
66%
Austria
65%
Ethiopia
65%
Greece
65%
North Korea
65%
Azerbaijan
64%
Iraq
64%
Uruguay
64%
Vietnam
64%
Brazil
63%
Guyana
63%
Montenegro
63%
Spain
63%
Suriname
63%
Venezuela
63%
Poland
62%
Belarus
61%
Ghana
61%
Laos
61%
Chile
60%
France
60%
Mali
60%
Sri Lanka
60%
Kazakhstan
59%
Syria
59%
Mauritania
58%
Senegal
58%
Barbados
57%
Hungary
57%
Saint Vincent and the Grenadines
57%
Bolivia
56%
Georgia
56%
Paraguay
56%
Sierra Leone
56%
Slovenia
56%
Cameroon
55%
Honduras
55%
India
55%
New Zealand
55%
Andorra
54%
Ecuador
54%
Moldova
54%
China
53%
Macau
53%
Chad
52%
Nepal
52%
Palestine
52%
Denmark
51%
Dominica
51%
Eritrea
51%
Israel
51%
Japan
51%
Central African Republic
50%
Papua New Guinea
50%
Puerto Rico
50%
Ukraine
50%
Algeria
49%
Mexico
49%
Rwanda
49%
Tanzania
49%
Saudi Arabia
48%
Serbia
48%
Togo
48%
Grenada
47%
El Salvador
46%
Curaçao
45%
Egypt
45%
Equatorial Guinea
45%
Liberia
45%
Morocco
45%
Trinidad and Tobago
45%
Yemen
45%
Madagascar
44%
Malawi
43%
Czech Republic
42%
DR Congo
42%
Gambia
42%
Gibraltar
42%
Guam
42%
Guinea
42%
Ivory Coast
42%
Burkina Faso
41%
Comoros
41%
Jordan
41%
Faroe Islands
40%
Russia
40%
South Sudan
40%
Zimbabwe
40%
Belize
39%
Cambodia
39%
Saint Lucia
39%
Iceland
38%
Kuwait
38%
Rep. Congo
38%
Romania
38%
Saint Kitts and Nevis
38%
Haiti
37%
San Marino
37%
Tahiti
37%
Aruba
36%
Gabon
36%
Liechtenstein
36%
Mozambique
36%
Sudan
35%
Samoa
34%
Switzerland
34%
Latvia
33%
Kosovo
32%
Malta
32%
North Macedonia
32%
South Korea
32%
United Arab Emirates
32%
Bahrain
31%
Cuba
31%
Luxembourg
31%
Zambia
31%
Djibouti
30%
Estonia
30%
New Caledonia
30%
American Samoa
29%
Cape Verde
29%
U.S. Virgin Islands
29%
Solomon Islands
28%
Tajikistan
28%
Uganda
28%
Bermuda
27%
Lesotho
27%
Costa Rica
25%
Nigeria
25%
Botswana
24%
Cook Islands
24%
Niger
24%
Anguilla
23%
Nicaragua
21%
Seychelles
21%
Somalia
21%
Cayman Islands
20%
Dominican Republic
20%
Indonesia
20%
Montserrat
20%
British Virgin Islands
19%
Kenya
19%
Lithuania
19%
Fiji
18%
Kyrgyzstan
18%
Mongolia
18%
Tonga
18%
Turkmenistan
18%
Burundi
17%
Guinea-Bissau
17%
Libya
17%
Malaysia
17%
Myanmar
17%
Thailand
17%
Bulgaria
16%
Guatemala
16%
Vanuatu
16%
Afghanistan
15%
Angola
15%
Mauritius
15%
South Africa
15%
Bhutan
14%
Philippines
14%
Oman
13%
Singapore
12%
Antigua and Barbuda
11%
Turks and Caicos Islands
11%
Bahamas
9%
Benin
9%
Eswatini
9%
Namibia
9%
Pakistan
9%
Chinese Taipei
8%
East Timor
8%
São Tomé and Príncipe
8%
Uzbekistan
8%
Bangladesh
7%
Brunei
7%
Maldives
7%

Score Distribution

Percentile by Number Answered

Percent of People with Each Score

Your Score History

You have not taken this quiz